<?xml version='1.0' encoding='UTF-8'?>
  <record xmlns="http://www.loc.gov/MARC21/slim">
    <leader>00000cam a22000007i 4500</leader>
    <controlfield tag="001">ocm66861341</controlfield>
    <controlfield tag="003">OCoLC</controlfield>
    <controlfield tag="005">20250804200515.1</controlfield>
    <controlfield tag="008">031214s1596    gw            000 0 ger d</controlfield>
    <datafield tag="040" ind1=" " ind2=" ">
      <subfield code="a">NLGGC</subfield>
      <subfield code="b">dut</subfield>
      <subfield code="e">fobidrtb</subfield>
      <subfield code="c">NLGGC</subfield>
      <subfield code="d">OCLCL</subfield>
      <subfield code="d">OCLCQ</subfield>
    </datafield>
    <datafield tag="029" ind1="0" ind2=" ">
      <subfield code="a">NLGGC</subfield>
      <subfield code="b">257943617</subfield>
    </datafield>
    <datafield tag="035" ind1=" " ind2=" ">
      <subfield code="a">(OCoLC)66861341</subfield>
    </datafield>
    <datafield tag="100" ind1="1" ind2=" ">
      <subfield code="a">Riephan, Wilhelm.</subfield>
    </datafield>
    <datafield tag="245" ind1="1" ind2="0">
      <subfield code="a">Kurtze, warhaffte unnd eigentliche historische Beschreibung gewisser neuwen Zeittungen unnd Geschichten welche sich von vorgangner Ostermess biss auff jetzig Herbstmess dises jetzlauffent 96. Jars in Osterreich, Ungaren, Böhem, Poln, Hispanien, Franckreich, Schweden, Denmarck, Hoch und Niederteutschlandt auch sonsten hin unnd wider begeben und zugetragen :</subfield>
      <subfield code="b">mit Anzeig der Engelländer Armada oder Fluth wie dieselbe nach Hispanien zugesägelt und was sie alda verricht : item was ... Herr Albert ... für Stätt und Flecken in kurtzer Zeit inbekommen /</subfield>
      <subfield code="c">durch Wilhelmum Riephan.</subfield>
    </datafield>
    <datafield tag="260" ind1=" " ind2=" ">
      <subfield code="a">Getruckt zu Cölln :</subfield>
      <subfield code="b">bey Godefrid von Kempen,</subfield>
      <subfield code="c">1596.</subfield>
    </datafield>
    <datafield tag="300" ind1=" " ind2=" ">
      <subfield code="a">60, [4] p. ;</subfield>
      <subfield code="c">20 cm.</subfield>
    </datafield>
    <datafield tag="336" ind1=" " ind2=" ">
      <subfield code="a">tekst</subfield>
      <subfield code="b">txt</subfield>
      <subfield code="2">rdacontent/dut</subfield>
    </datafield>
    <datafield tag="337" ind1=" " ind2=" ">
      <subfield code="a">zonder medium</subfield>
      <subfield code="b">n</subfield>
      <subfield code="2">rdamedia/dut</subfield>
    </datafield>
    <datafield tag="338" ind1=" " ind2=" ">
      <subfield code="a">band</subfield>
      <subfield code="b">nc</subfield>
      <subfield code="2">rdacarrier/dut</subfield>
    </datafield>
    <datafield tag="510" ind1="0" ind2=" ">
      <subfield code="a">Van Someren 200</subfield>
    </datafield>
    <datafield tag="758" ind1=" " ind2=" ">
      <subfield code="a">Kurtze, warhaffte unnd eigentliche historische Beschreibung gewisser neuwen Zeittungen unnd Geschichten welche sich von vorgangner Ostermess biss auff jetzig Herbstmess dises jetzlauffent 96. Jars in Osterreich, Ungaren, Böhem, Poln, Hispanien, Franckreich, Schweden, Denmarck, Hoch und Niederteutschlandt auch sonsten hin unnd wider begeben und zugetragen (Text)</subfield>
      <subfield code="1">https://id.oclc.org/worldcat/entity/E39PCXj6J9wHjyYmKX9hmpRBT3</subfield>
      <subfield code="4">https://id.oclc.org/worldcat/ontology/hasWork</subfield>
    </datafield>
    <datafield tag="936" ind1=" " ind2=" ">
      <subfield code="a">BATCHLOAD</subfield>
    </datafield>
  </record>